| 000 | 00681nam a22001457a 4500 | ||
|---|---|---|---|
| 999 |
_c38521 _d38521 |
||
| 082 | _aRR.0352 | ||
| 100 |
_aRao, D. Pulla _uDepartment of Economics, Andhra University _vVisakhapatnam, Andhra Pradesh |
||
| 245 |
_aEducational Status of Scheduled Castes in Costal Region of Andhra Pradesh: _bAttainments and Challenges/ _cD. Pulla Rao |
||
| 260 |
_aVisakhapatnam, Andhra Pradesh: _bIndian Council of Social Science Research, _c2014 |
||
| 300 | _av, 426p. | ||
| 500 | _aIncluded Bibliographical References and Appendices | ||
| 536 | _aIndian Council of Social Science Research | ||
| 650 |
_aScheduled castes (India) _aCoastal Region _xCaste--South Asia _zAndhra Pradesh |
||
| 942 |
_2ddc _cRP |
||